00325nam a22000977a 4500008004100000100002300041245007700064260002700141300003200168773002700200240725b ||||| |||| 00| 0 eng d aGellner, David N.  aThe persistence of hierarchy: Paradoxes of dominance in Nepal and beyond aSociological Bulletin  a73(2), Apr, 2024: p.127-147 aSociological Bulletin